Statistics for Animals by Close-up Image

Click here to take the quiz!

General Stats

  • This quiz has been taken 114,671 times
    (35,996 since last reset)
  • The average score is 14 of 16

Answer Stats

Answer % Correct
Zebra
100%
Tiger
99%
Giant Panda
97%
Giraffe
97%
Monarch Butterfly
96%
Emperor Penguin
95%
Peacock
94%
Ladybug
93%
Jaguar
92%
Cobra
89%
Killer Whale
87%
Skunk
86%
Turkey
85%
Clownfish
84%
Armadillo
81%
Black Widow
61%

Score Distribution

Percentile by Number Answered

Percent of People with Each Score

Your Score History

You have not taken this quiz since the last reset